| 000 | 01107cam a2200313 a 4500 | ||
|---|---|---|---|
| 001 | 15553253 | ||
| 003 | Nust- CAS-E | ||
| 005 | 20180118181353.0 | ||
| 008 | 081211s2009 enkab b 001 0 eng | ||
| 010 | _a 2008052630 | ||
| 020 | _a9781844072828 | ||
| 020 | _a1844072827 | ||
| 035 | _a(OCoLC)ocn282963264 | ||
| 040 |
_aDLC _cDLC _dBWKUK _dBWK _dBWX _dDLC |
||
| 050 | 0 | 0 |
_aTJ820 _b.S83 2009 |
| 082 | 0 | 0 |
_a333.92 _222 _bSTA 2009 |
| 100 | 1 | _aStankovic, Sinisa. | |
| 245 | 1 | 0 |
_aUrban wind energy / _cSinisa Stankovic, Neil Campbell, Alan Harries. |
| 260 |
_aLondon ; _aSterling, VA : _bEarthscan, _c2009. |
||
| 300 |
_aix, 190 p. : _bcol. ill., maps ; _c24 cm. |
||
| 504 | _aIncludes bibliographical references and index. | ||
| 650 | 0 | _aWind power. | |
| 650 | 0 |
_aCity planning _xEnvironmental aspects. |
|
| 700 | 1 |
_aCampbell, Neil _q(Neil Scott) |
|
| 700 | 1 | _aHarries, Alan. | |
| 906 |
_a7 _bcbc _corignew _d1 _eecip _f20 _gy-gencatlg |
||
| 942 |
_2ddc _cBK |
||
| 999 |
_c355219 _d355219 |
||